000
00257nam a2200109Ia 4500
008
240625s9999 xx 000 0 und d
041
_a
eng
082
_a
519.5 LEV
100
_a
LEVINE DAVID M
245
_a
BUSINESS STATISTICS A FIRST COURSE
260
_c
2004
999
_c
34482
_d
34482